Effect of retarders on cure characteristics kinetics of vulcanization and physical properties of natural rubber (Record no. 50862)

MARC details
000 -LEADER
fixed length control field 00617nam a2200205Ia 4500
100 ## - MAIN ENTRY--AUTHOR NAME
Personal name Chandy S.
245 #0 - TITLE STATEMENT
Title Effect of retarders on cure characteristics kinetics of vulcanization and physical properties of natural rubber
260 ## - PUBLICATION, DISTRIBUTION, ETC. (IMPRINT)
Name of publisher Indian Journal of Natural Rubber Research
Year of publication 1990
300 ## - PHYSICAL DESCRIPTION
Number of Pages 116-125
650 ## - SUBJECT ADDED ENTRY--TOPICAL TERM
Topical Term Accelerator
650 ## - SUBJECT ADDED ENTRY--TOPICAL TERM
Topical Term Cure characteristics
650 ## - SUBJECT ADDED ENTRY--TOPICAL TERM
Topical Term Natural rubber
650 ## - SUBJECT ADDED ENTRY--TOPICAL TERM
Topical Term Retarder effect
650 ## - SUBJECT ADDED ENTRY--TOPICAL TERM
Topical Term Scorch time
650 ## - SUBJECT ADDED ENTRY--TOPICAL TERM
Topical Term Sulphur
650 ## - SUBJECT ADDED ENTRY--TOPICAL TERM
Topical Term Vulcanization kinetics
700 ## - ADDED ENTRY--PERSONAL NAME
Personal name Kuriakose B.
942 ## - ADDED ENTRY ELEMENTS (KOHA)
Koha item type Bibliography STAF
Holdings
Withdrawn status Lost status Damaged status Not for loan Home library Current library Shelving location Date acquired Serial Enumeration / chronology Koha item type
      Bibliography RRII Library RRII Library Rubber chemistry 09/04/2014 Volume 3, Issue 2 Bibliography STAF